1703 1415 1729 1847 1151 2000 1615 1351 1980 1381 1540 1722 1918 1033 1861 1426 1846 1527 1479 1462 1459 1245 1267 1656 1486 1078 1356 1144 1307 1593 1163 1731 1861 1583 1632 1970 1506 1164 1811 1020 1857 1321 1900 1486 1644 1374 1098 1816 1363 1299 1444 1085 1483 1724 1069 1590 1844 1139 1378 1952 1705 1829 1430 1763 1043 1789 1330 1437 1124 1106 1907 1121 1609 1495 1887 1008 1771 1395 1482 1996 1220 1011 1660 1363 1611 1979 1166 1268 1360 1763 1208 1838 1609 1181 1391 1615 1962 1161 1076 BCNSPRNW ULIB Ver.6.0+V

เปลี่ยนเป็นภาษาไทย

Change to English
 แสดงรายละเอียดบรรณานุกรม
  กลับหน้าหลัก

Brief Record : Get Marc (ISO 2709) : E-mail record : QR code < ปิดหน้าต่าง
LEADER : 00000nam 2200000uu 4500
001    13399127779
003     ULIB
008    210824s2564||||th 000 0 tha d
020    ^a9786165772761
060  4 ^aWA590^bข272ค
100 0  ^aขวัญเมือง แก้วดำเกิง
245 10 ^aความรอบรู้ด้านสุขภาพ :^bกระบวนการ ปฏิบัติการ เครื่องมือประเมิน = Health literacy : processes practices evaluation tools /^cขวัญเมือง แก้วดำเกิง
246 31 ^aHealth literacy : processes practices evaluation tools
260    ^aกรุงเทพฯ :^bไอดี ออล ดิจิตอล พริ้นท์,^c2564
300    ^a273 หน้า :^bภาพประกอบสี
650  2 ^aHealth Education
650  4 ^aความรอบรู้ทางสุขภาพ
650  4 ^aการส่งเสริมสุขภาพ
945    ^p270^l0^i008145
945    ^p270^l0^i008146
945    ^p270^l0^i008147
999    ^aประนอม เกษจรัล
รายการนี้ยังไม่มีแท็ก
คุณยังไม่ได้ล็อกอิน คุณสามารถมีกิจกรรมร่วมกับเว็บไซต์ได้ แต่ต้องล็อกอินก่อน ::
  ล็อกอิน

รายการสื่อสารสนเทศ

ลำดับที่ ประเภท เลขเรียก/บาร์โค้ด สถานที่ สถานะ
1. วิทยาศาสตร์การแพทย์ และสุขภาพ
หนังสือสำรอง
สถานะ=หนังสือสำรอง
WA590 ข272ค ฉ.1 
  Barcode: 008145
ห้องสมุดวิทยาเขตสวรรค์ประชารักษ์
►หนังสือทั่วไป
บนชั้น
2. วิทยาศาสตร์การแพทย์ และสุขภาพ
วิทยาศาสตร์การแพทย์ และสุขภาพ
WA590 ข272ค ฉ.2 
  Barcode: 008146
ห้องสมุดวิทยาเขตสวรรค์ประชารักษ์
►หนังสือทั่วไป
บนชั้น
3. วิทยาศาสตร์การแพทย์ และสุขภาพ
วิทยาศาสตร์การแพทย์ และสุขภาพ
WA590 ข272ค ฉ.3 
  Barcode: 008147
ห้องสมุดวิทยาเขตสวรรค์ประชารักษ์
►หนังสือทั่วไป
บนชั้น

รายการใกล้เคียง
    ผู้แต่ง [ขวัญเมือง แก้วดำเกิง]

    หัวเรื่อง [Health Education]
    หัวเรื่อง [ความรอบรู้ทางสุขภาพ]
    หัวเรื่อง [การส่งเสริมสุขภาพ]

BibComment


ยังไม่เคยถูกคอมเมนท์

คอมเมนท์ทรัพยากรรายการนี้
  คอมเมนท์: ความรอบรู้ด้านสุ..


 Copyright 2026. Bcnsprnw @Library